| 000 | 01144nam a22002777a 4500 | ||
|---|---|---|---|
| 005 | 20091028134954.0 | ||
| 008 | 091028t xxu||||| |||| 00| 0 eng d | ||
| 010 | _aENG-95238 | ||
| 020 |
_a9780070677265 _c525.00 |
||
| 020 |
_a0070677263 _c525.00 |
||
| 035 | _aEN-78771 | ||
| 037 | _bDBAD/PUB | ||
| 040 | _aDPL | ||
| 082 | _a006.7 | ||
| 100 |
_aRoshen, Waseem, _d1951- |
||
| 245 |
_aSOA-based enterprise integration : _cby Waseem Roshen _ba step-by-step guide to services-based application integration / |
||
| 260 |
_aNew Delhi _bTata McGraw Hill Education _c2009 |
||
| 270 |
_a7, West Patel Nagar _bNew Delhi _e110008 |
||
| 300 |
_axii, 364 p. _c22cm.(Pbk).) _bill. |
||
| 500 | _aIncludes bibliographical references and index. | ||
| 650 | _aService-oriented architecture (Computer science) | ||
| 650 | _aManagement information systems. | ||
| 650 | _aEnterprise application integration (Computer systems) | ||
| 942 |
_2ddc _cEN _mROS _h006.7 |
||
| 999 |
_c31101 _d31101 |
||